| 000 | 00522nam a2200157 a 4500 | ||
|---|---|---|---|
| 008 | 120416s0000 ||||||||||||||||| || u | ||
| 020 | _a0831110368 | ||
| 050 | _aTA 190 Ken | ||
| 100 | _aKennedy, Clifford W | ||
| 245 | 1 | 0 | _aInspection and gaging |
| 250 | _a4th ed. | ||
| 260 |
_aNew York _bIndustrial Press _c1967 |
||
| 300 | _aviii, 580p. : ill. | ||
| 350 | _a0.00 | ||
| 995 |
_D0.00 _FCBU-MAIN LIBRARY (Kitwe) _H1 _I5.75 _UAVAILABLE _ZAnnex Low-Usage Collection |
||
| 999 |
_c47039 _d47039 |
||